000 00283nam a22001217a 4500
040 _cSY
082 _a579
100 _aRICKER
245 _aComputation and interpretation of biological statistics of fish populations
260 _aCANADA
_bRIC
_c1975
300 _a382p.
942 _cEK
999 _c9696
_d9696